Loading...

Industrial relations in Kerala

Bibliografiske detaljer
Hovedforfatter: Saji, Narayanan
Format: Printed Book
Sprog:English
Udgivet: Kochi Swamy Law House 1998
Fag:
LEADER 00520nam a22001577a 4500
003 OSt
008 100129t xxu||||| |||| 00| 0 eng d
080 |a 3349.2(540.69)  |b SAJ'98 
100 |a Saji, Narayanan  |9 10151 
245 |a Industrial relations in Kerala 
260 |a Kochi  |b Swamy Law House  |c 1998 
300 |a xxiv, 415p. 
653 |a Labour law - Kerala 
942 |c BK  |6 _ 
999 |c 192010  |d 192010 
952 |0 0  |1 0  |4 0  |6 349254069_SAJ98  |7 0  |9 247482  |a SLS  |b SLS  |d 2010-01-29  |o 349.2(540.69) SAJ'98  |p SLS019788  |r 2014-04-08  |t 1  |w 2020-07-30  |y BK